Contract cases and materials / (Record no. 10986)
[ view plain ]
| 000 -LEADER | |
|---|---|
| fixed length control field | 00812nam a22002532 4500 |
| 001 - CONTROL NUMBER | |
| control field | 0000009094 |
| 005 - DATE AND TIME OF LATEST TRANSACTION | |
| control field | 20151217154407.0 |
| 008 - FIXED-LENGTH DATA ELEMENTS--GENERAL INFORMATION | |
| fixed length control field | 080902s xx 000 0 eng d |
| 020 ## - INTERNATIONAL STANDARD BOOK NUMBER | |
| International Standard Book Number | 040692404x : |
| Terms of availability | KES 3990 |
| 040 ## - CATALOGING SOURCE | |
| Original cataloging agency | KABU |
| Transcribing agency | KABU |
| 100 1# - MAIN ENTRY--PERSONAL NAME | |
| Personal name | Beale, H. G. |
| -- | 0000160112 |
| 245 10 - TITLE STATEMENT | |
| Title | Contract cases and materials / |
| Statement of responsibility, etc. | H. G. Beale, W. D. Bishop, M. P. Furmston. |
| 250 ## - EDITION STATEMENT | |
| Edition statement | 4th ed. |
| 260 ## - PUBLICATION, DISTRIBUTION, ETC. (IMPRINT) | |
| Place of publication, distribution, etc. | Oxford : |
| Name of publisher, distributor, etc. | O. U. P., |
| Date of publication, distribution, etc. | 2001. |
| 300 ## - PHYSICAL DESCRIPTION | |
| Extent | lviii, 1256 p. |
| 650 #0 - SUBJECT ADDED ENTRY--TOPICAL TERM | |
| Topical term or geographic name as entry element | Contracts |
| General subdivision | Cases |
| Geographic subdivision | England. |
| -- | 0000160113 |
| 650 #0 - SUBJECT ADDED ENTRY--TOPICAL TERM | |
| Topical term or geographic name as entry element | Contracts |
| General subdivision | Cases |
| Geographic subdivision | Wales. |
| -- | 0000160114 |
| 700 1# - ADDED ENTRY--PERSONAL NAME | |
| Personal name | Bishop, W. D. |
| -- | 0000160115 |
| 700 1# - ADDED ENTRY--PERSONAL NAME | |
| Personal name | Furmston, M. P. |
| -- | 0000160116 |
| 908 ## - PUT COMMAND PARAMETER (RLIN) | |
| Put command parameter | 080902 |
| 950 ## - LOCAL HOLDINGS (RLIN) | |
| -- | 1 |
| Withdrawn status | Lost status | Source of classification or shelving scheme | Damaged status | Not for loan | Home library | Current library | Date acquired | Total Checkouts | Full call number | Barcode | Date last seen | Date last checked out | Price effective from | Koha item type | Total Renewals |
|---|---|---|---|---|---|---|---|---|---|---|---|---|---|---|---|
| Lost and Paid For | Library of Congress Classification | Kabarak, Main Campus | Kabarak, Main Campus | 17/12/2015 | 2 | KD1554 B43 2001 c.2 | 012486 | 27/09/2021 | 26/07/2016 | 17/12/2015 | General Collection | ||||
| Library of Congress Classification | Kabarak, Main Campus | Kabarak, Main Campus | 17/12/2015 | 8 | KD1554 B43 2001 c. 1 | 012485 | 05/01/2021 | 12/11/2019 | 17/12/2015 | General Collection | 1 |